| 000 | 00699nam a2200253 a 4500 | ||
|---|---|---|---|
| 001 | 60578 | ||
| 003 | BD-RjUL | ||
| 005 | 20211209080847.0 | ||
| 008 | 170101s1966 enka b 000 0 eng d | ||
| 035 | _a(BD-RjUL)60702 | ||
| 040 |
_aDLC _cDLC _dUKM _dEQO _beng |
||
| 041 | _aeng | ||
| 082 |
_a384 _223 _bMAC 1966 |
||
| 100 | 1 |
_aMares, Colin. _9180427 |
|
| 245 | 0 | 0 |
_aCommunication / _cColin Mares |
| 260 |
_aLondon : _bEnglish Universities P, _c1966 |
||
| 300 |
_aix, 180 p. : _bill. ; _c19 cm |
||
| 490 | 1 | _aTeach yourself books | |
| 504 | _aBibliography: p. [174]-175 | ||
| 650 | 0 |
_aCommunication _9170326 |
|
| 830 | 0 |
_aTeach yourself books. _9180431 |
|
| 942 |
_2ddc _cBK |
||
| 999 |
_c60578 _d60578 |
||